Návrh konštrukčného riešenia skúšobného zariadenia na testovanie mechanických vlastností biomateriálov

Guardado en:
Detalles Bibliográficos
Autor principal: Miček, Andrej (Autor)
Otros Autores: Bachratý, Michal (Orientador)
Formato: Manuscrito Libro
Lenguaje:eslovaco
Publicado: 2023
Materias:
Acceso en línea:http://is.stuba.sk/zp/portal_zp.pl?podrobnosti=170548
Etiquetas: Agregar Etiqueta
Sin Etiquetas, Sea el primero en etiquetar este registro!

MARC

LEADER 00000ntm a22000003a 4500
001 stuzp94793
003 SK-STU
005 20240424135415.4
007 ta
008 150427s2015----xo-----f-mn---000-0-slo-d
040 |a STU  |b slo 
041 0 |a slo 
100 1 |a Miček, Andrej  |u 020070  |4 aut  |U SjF Strojnícka fakulta  |T SjF Ústav výrobných systémov, enviromentálnej techniky a manažment kvality  |X 91942  |U J0070  |Y 804  |7 91942 
242 0 1 |a Design proposal of a testing device for evaluating the mechanical properties of biomaterials  |y eng 
245 1 0 |a Návrh konštrukčného riešenia skúšobného zariadenia na testovanie mechanických vlastností biomateriálov 
260 |c 2023 
650 4 |a oftalmológia  |2 slo 
650 4 |a rohovka  |2 slo 
650 4 |a vnútroočný tlak  |2 slo 
650 4 |a konštrukčný návrh  |2 slo 
650 4 |a biomateriály  |2 slo 
650 4 |a desing proposal  |2 eng 
650 4 |a ophthalmology  |2 eng 
650 4 |a intraocular pressure  |2 eng 
650 4 |a cornea  |2 eng 
650 4 |a biomaterials  |2 eng 
700 1 |a Bachratý, Michal  |u 020070  |k Z1  |4 ths  |U SjF Strojnícka fakulta  |T SjF Ústav výrobných systémov, enviromentálnej techniky a manažment kvality  |X 2443  |U J0070  |Y 804  |7 A000002443 
856 4 |u http://is.stuba.sk/zp/portal_zp.pl?podrobnosti=170548 
996 |b 284J047544  |c J* 3666/DDP  |l JJSK  |s A  |a 24  |w stuzp94793_0001